000 00407nam a2200145Ia 4500
999 _c10529
_d10529
003 OSt
005 20220412163225.0
008 220318s9999 xx 000 0 und d
020 _a9781940291413
082 _a720.10973
100 _a Monika; Frampton, Kenneth
245 0 _aOxymoron and pleonasm : conversations on American critical and projective theory of architecture
260 _aActor
942 _2ddc